UCSC Library OPAC

Pawulaka Gindara (The Family) (Record no. 28849)

MARC details
000 -LEADER
fixed length control field 00443nam a2200193Ia 4500
008 - FIXED-LENGTH DATA ELEMENTS--GENERAL INFORMATION
fixed length control field 240510s9999 xx 000 0 und d
020 ## - INTERNATIONAL STANDARD BOOK NUMBER
International Standard Book Number 9789556671360
041 ## - LANGUAGE CODE
Language code of text/sound track or separate title Sinhala
082 ## - DEWEY DECIMAL CLASSIFICATION NUMBER
Classification number 891.483
082 ## - DEWEY DECIMAL CLASSIFICATION NUMBER
Cutter number C33
100 ## - MAIN ENTRY--PERSONAL NAME
Personal name CHIN, Pa ; Trans:SILVA,Anula De
245 #0 - TITLE STATEMENT
Title Pawulaka Gindara (The Family)
260 ## - PUBLICATION, DISTRIBUTION, ETC.
Name of publisher, distributor, etc. Colombo:Pahan Publishing
260 ## - PUBLICATION, DISTRIBUTION, ETC.
Date of publication, distribution, etc. 2011
300 ## - PHYSICAL DESCRIPTION
Extent (Pages) 284 p.
650 ## - SUBJECT ADDED ENTRY--TOPICAL TERM
Topical term or geographic name entry element Novel
942 ## - ADDED ENTRY ELEMENTS (KOHA)
Source of classification or shelving scheme Dewey Decimal Classification
942 ## - ADDED ENTRY ELEMENTS (KOHA)
Koha item type Lending Book
945 ## - LOCAL PROCESSING INFORMATION (OCLC)
creator borrowernumber 1
creator name Madushi Gamage
modifier borrowernumber 1
modifier name Madushi Gamage
Holdings
Withdrawn status Lost status Source of classification or shelving scheme Damaged status Not for loan Collection code Home library Current library Shelving location Date acquired Cost, normal purchase price Inventory number Total Checkouts Full call number Barcode Date last seen Price effective from Koha item type
    Dewey Decimal Classification     Lending Collection UCSC Library UCSC Library Lending Section 27/06/2024 450.00 10308   891.483 C33 A22130 27/06/2024 27/06/2024 Lending Book